Arqueología y tecnologías de información espacial : una perspectiva Ibero-Americana /
This volume contains papers from the First Iberoamerican Conference on Spatial Archaeology held in 2013 at the University of Cantabria, Spain. The subjects include theoretical contexts of spatial archaeology, relationship between archaeological and ethnographical research, micro-site studies and the...
مؤلف مشترك:
مؤلفون آخرون: ,
التنسيق: وقائع المؤتمر كتاب الكتروني
اللغة: Spanish
منشور في:
Oxford :
Archaeopress Publishing Ltd,
[2015]
الموضوعات:
الوصول للمادة أونلاين: Login to view Source
الوسوم: إضافة وسم
رقم الطلب: CC51
| LEADER | 02161nam a2200433 i 4500 | ||
|---|---|---|---|
| 001 | EDZ0001545794 | ||
| 003 | StDuBDS | ||
| 005 | 20230412181557.0 | ||
| 006 | m|||||o||d|||||||| | ||
| 007 | cr ||||||||||| | ||
| 008 | 160830t20152015enkab fob 100|0|spa|d | ||
| 020 | |a 9781784911539 (ebook) : |c No price | ||
| 040 | |a StDuBDS |b eng |c StDuBDS |e rda |e pn | ||
| 050 | 4 | |a CC51 | |
| 082 | 0 | 4 | |a 930.1 |2 23 |
| 111 | 2 | |a Iberoamerican Conference on Spatial Archaeology |n (1st : |d 2013 : |c University of Cantabria), |j creator. | |
| 245 | 1 | 0 | |a Arqueología y tecnologías de información espacial : |b una perspectiva Ibero-Americana / |c editores, Alfredo Maximiano y Enrique Cerrillo-Cuenca. |
| 264 | 1 | |a Oxford : |b Archaeopress Publishing Ltd, |c [2015] | |
| 264 | 4 | |c ©2015 | |
| 300 | |a 1 online resource : |b illustrations (black and white, and colour), maps (black and white) | ||
| 336 | |a text |2 rdacontent | ||
| 336 | |a still image |2 rdacontent | ||
| 336 | |a cartographic image |2 rdacontent | ||
| 337 | |a computer |2 rdamedia | ||
| 338 | |a online resource |2 rdacarrier | ||
| 500 | |a Selected conference papers. | ||
| 504 | |a Includes bibliographical references. | ||
| 520 | 8 | |a This volume contains papers from the First Iberoamerican Conference on Spatial Archaeology held in 2013 at the University of Cantabria, Spain. The subjects include theoretical contexts of spatial archaeology, relationship between archaeological and ethnographical research, micro-site studies and the interpretation of the environment from archaeo-historical contextualisation. | |
| 521 | |a Specialized. | ||
| 588 | |a Description based on online resource; title from home page (viewed on November 8, 2016). | ||
| 650 | 0 | |a Archaeology |v Congresses. | |
| 700 | 1 | |a Maximiano, Alfredo, |e editor. | |
| 700 | 1 | |a Cerrillo Cuenca, Enrique, |e editor. | |
| 710 | 2 | |a Universidad de Cantabria, |e host institution. | |
| 776 | 0 | 8 | |i Print version : |z 9781784913182 |
| 856 | 4 | 0 | |3 Archaeopress |u http://library.arce.org:8087/Archaeopress/Products/9781784913182 |
| 942 | |2 lcc |c EBOOK | ||
| 952 | |0 0 |1 0 |4 0 |6 CC0051 |7 1 |9 46073 |a ARCH |b ARCH |d 2023-04-12 |l 0 |o CC51 |r 2023-04-12 00:00:00 |w 2023-04-12 |y EBOOK | ||
| 999 | |c 51731 |d 51731 | ||
